Before or After: Cubs 1908 World Series Quiz Stats

 Plays Quiz Updated Nov 3, 2016

Challenge
Share
Tweet
Embed
Score 0/30 Timer 05:00
2 Plays Today
Event B or A? % Correct
The American Civil War ends at Appomattox Court House???
83.7%
The Great Depression begins in the US???
80.2%
Charles Dickens writes 'A Tale of Two Cities'???
78.5%
The Treaty of Versailles is signed, ending World War I???
78.4%
Winston Churchill becomes prime minister of the UK???
77.9%
The United Nations was founded???
77.1%
The RMS Titanic sinks in the Atlantic Ocean???
75.9%
Archduke Franz Ferdinand was assassinated???
75.9%
The telephone was patented by Alexander Graham Bell???
75.7%
The first Academy Awards are held???
74.4%
The first saxophone was invented by Adolphe Sax???
73.3%
The Olympic Games are revived???
73.2%
Mohandas Gandhi was born???
71.2%
Jonas Salk develops vaccine for polio???
70.2%
James Naismith invents the sport of basketball???
69.6%
Event B or A? % Correct
Tchaikovsky's 'The Nutcracker' ballet premiers???
69.3%
Coca-Cola is introduced???
68.8%
The Russian Revolution begins???
68.8%
Arizona achieves statehood???
65.1%
Orville and Wilbur Wright complete a successful aircraft???
63.5%
The Boxer Rebellion begins in China???
61%
Henry Ford establishes Ford Motor Company???
60.3%
The American Kennel Club is founded???
58.4%
In Washington, the Lincoln Memorial is dedicated???
57.7%
Yellowstone becomes a US national park???
56.1%
Niels Bohr introduces his Bohr Model of an atom???
55.8%
In hopes to divide Africa, the Berlin Conference begins???
50.3%
The first Rose Bowl football game is held in California???
46.9%
Cuba is recognized as an independent nation???
40.8%
The Chinese Qing Dynasty ends???
38.9%

You're not logged in!

Compare scores with friends on all Sporcle quizzes.
Join for Free
OR
Log In

You Might Also Like...

Show Comments

Extras

Top Quizzes Today


Score Distribution

Your Account Isn't Verified!

In order to create a playlist on Sporcle, you need to verify the email address you used during registration. Go to your Sporcle Settings to finish the process.

Report this User

Report this user for behavior that violates our Community Guidelines.

Details: